000 00529 a2200193 4500
001 138462
020 _a9788502043053
040 _cLeonardo Da Vinci
041 _aPortuguês
082 _a372.8981 R484b
_bR484b
100 _aRIBEIRO,REGINA HELENA DE ARAUJO
245 _aBandeirantes
_bBuscando riquezas , desbravando o sertão
260 _b.
_c2011
_aSão Paulo
300 _a83
362 _a20110000
490 _aPor dentro da história
_aPor dentro da história
500 _aBiblioteca Alphaville 2
942 _cBK
999 _c138462
_d138462